Statistiques concernant Quiz ultime sur Guardian Tales

Cliquez ici pour prendre le quiz!

Statistiques générales

  • Ce quiz a été pris 19 fois
  • Le résultat moyen est 63 sur 167

Statistiques - réponses

Personnages% Correct
Chevalier du futur
80%
Gabrielle
80%
Mk.2
80%
MK.99
80%
Princesse du futur
80%
AA72
70%
Ara
70%
Arabelle
70%
Bari
70%
Bianca
70%
Claude
70%
Coco
70%
Crosselle
70%
Eleanor
70%
Eva
70%
Gourry
70%
Hana
70%
Kamael
70%
Karina
70%
Lapice
70%
Lina
70%
Lupina
70%
Lynn
70%
Mayreel
70%
Mei/Fei
70%
Oghma
70%
Rue
70%
Scintilla
70%
Veronica
70%
Vishuvac
70%
Yuze
70%
Alef
60%
Aoba
60%
Clara
60%
Craig
60%
Elvira
60%
Erina
60%
Garam
60%
Lahn
60%
Loraine
60%
Lucy
60%
Marina
60%
Marvin
60%
Nari
60%
Noxia
60%
Parvati
60%
Sohee
60%
Sumire
60%
Tinia
60%
Trio du Panda Fou
60%
Xellos
60%
Andras
50%
Beth
50%
Destructeur Cosmique
50%
Eugene
50%
Eva idole
50%
Furfur
50%
Girgas
50%
Libérateur
50%
Marianne
50%
Miss Chrom
50%
Miya
50%
Orca
50%
Plitvice
50%
Prédateur
50%
Priscilla
50%
Pymon
50%
Rey
50%
Valencia
50%
Akayuki
40%
Carole
40%
Catherine
40%
Dolf
40%
Favi
40%
Gremory
40%
Kanna
40%
Lavi
40%
Lilith
40%
Ouros
40%
Perle du Sage
40%
Rachel
40%
Ranpang
40%
Shapira
40%
Aisha
30%
Amy
30%
Chasseur de têtes
30%
Crépuscule
30%
Destructeur Atomique
30%
Equinox
30%
Fauteur de trouble
30%
Grâce de reine
30%
Lotus Rouge
30%
Murasame
30%
Petite étoile
30%
Rose bleue
30%
Silence
30%
Tartaros
30%
Amarok
20%
Armada
20%
Balmung
20%
Batôn de Xellos
20%
Black Mamba
20%
Emma
20%
Esprit Pur
20%
Fournitures de bureau
20%
Innocent
20%
Jack Frost
20%
Justice
20%
Magnificat
20%
Noyau Volcanique
20%
Oberon
20%
Permission refusée
20%
Prédominance
20%
Prestige
20%
Rébellion
20%
Solaris
20%
Solutionneur de curiosité
20%
Terminator
20%
Vulkan
20%
Appel de l'océan
10%
Astarte
10%
Blaster Omega
10%
Claquement d'esprit
10%
Coeur de sorcière
10%
Coeur Vaillant
10%
Déchaînée
10%
Eclipse
10%
Exploseur Magiton
10%
Fafnir
10%
Fierté du combattant
10%
Fragment III de Paimon
10%
Ifrit
10%
Impitoyable
10%
Kagemaru
10%
Lance bleue
10%
Messie
10%
Mille tonnerres
10%
Némésis
10%
Néréide
10%
Porteur de tranquilité
10%
Sarnga
10%
Shangri La
10%
Talisman de sang du démon
10%
Voix d'ange
10%
Benedictus
0%
Colère du dragon
0%
Corne Volcanique
0%
Croissant de lune
0%
Détermination ferme
0%
Eckesachs
0%
Ekesachs Mode.R
0%
Epée de lumière
0%
Exploseur de planète
0%
Fantasia
0%
Geminus
0%
Génocide
0%
Helios
0%
Maraudeur
0%
Perfection céleste
0%
Protectrice de l'océan
0%
Pulvérisateur
0%
Rayonnement
0%
Veritas
0%

Distribution des résultats

Percentile par nombre de réponses

% des personnes avec chaque résultat

Votre développement - résultats

Vous n’avez pas pris ce quiz